| 000 | 01903nam1a2200313 i 4500 | ||
|---|---|---|---|
| 001 | RU\NLR\BIBL_A\010205265 | ||
| 005 | 20260503054237.0 | ||
| 010 | _a9785875558986 | ||
| 035 | _a(NLR Aleph) 010205265 | ||
| 090 |
_a10248409 _c10248409 |
||
| 100 | _a20140217g20139999k y0rusy50 ca | ||
| 101 | 0 | _arus | |
| 102 | _aRU | ||
| 105 | _a||||z||||0|yy | ||
| 200 | 1 |
_aИнновационные модели и технологии современного образования _eматериалы конференции "Чтения Ушинского" _e[доклады 68-й научной конференции, посвященной памяти К.Д. Ушинского _fредкол.: ...А.В. Золотарева (отв. ред.) и др.] |
|
| 210 |
_aЯрославль _cИзд-во ФГБОУ ВПО "Ярославский государственный педагогический университет им. К.Д. Ушинского" _d2013 |
||
| 215 | _d21 | ||
| 300 | _aВ надзаг.: М-во образования и науки Рос. Федерации, ФГБОУ ВПО "Ярослав. гос. пед. ун-т им. К.Д. Ушинского" | ||
| 606 |
_aИнновации педагогические _jСъезды, совещания и т.п. _92078601 _3RU\NLR\AUTH\661254463 |
||
| 686 | 1 | _aЧ312я431 | |
| 702 | 1 |
_4340 _7ca _8rus _aЗолотарева _bА. В. _gАнгелина Викторовна _9128689 _3RU\NLR\AUTH\770128720 |
|
| 702 | 1 |
_4570 _7ca _8rus _aУшинский _bК. Д. _f1823-1871 _gКонстантин Дмитриевич _9114219 _3RU\NLR\AUTH\774237 |
|
| 711 | 1 | 2 |
_a"Чтения Ушинского", конференция _eЯрославль _f2013 _9374815 _3RU\NLR\AUTH\8810244480 |
| 852 |
_aNLR _j2014-3/4278 |
||
| 942 | _cBOOK | ||
| 980 | _aNBR | ||